000 00267nam a2200097Ia 4500
008 120527s9999 xx 000 0 und d
100 _aBEETS, C.Willem
245 _aRaising and sustaining productivity of small holder farming system in
260 _bAGBE
942 _cBK
999 _c25173
_d25173